| 000 | 01192nam a22002537a 4500 | ||
|---|---|---|---|
| 005 | 20110629103743.0 | ||
| 010 | _aENG-102692 B-456797 | ||
| 020 |
_c795.00 _a9780415664998 |
||
| 035 | _aEN-86225 B-456797 | ||
| 037 | _bDBAD / PUB | ||
| 037 | _bK.K.Pub/Ven | ||
| 082 | _a305.80094 | ||
| 245 |
_aMigration, identity and conflict : _cedited by S. Irudaya Rajan _bIndia migration report 2011 / |
||
| 260 |
_aNew Delhi _bRoutledge _c2011 |
||
| 270 |
_a912-915 Tolstoy House, 15-17 Tolstoy Marg _bNew Delhi _e110001 |
||
| 300 |
_axviii,338 p. : _c23cm (Hb) _bill. |
||
| 500 | _aIncludes bibliographical references and ndex | ||
| 700 |
_928520 _aIrudaya Rajan, S. |
||
| 710 | _928535 | ||
| 942 |
_2ddc _cEN _mMIG _h305.80094 |
||
| 999 |
_c53360 _d53360 |
||